000
00327 a2200133 4500
001
151093
040
_c
Escola São Tomás de Aquino
240
1
0
_a
Histórias para pensar com a barriga
_l
por
245
1
0
_a
Histórias para pensar com a barriga
300
_a
47
362
0
_a
1998
697
_a
*LITERATURA INFANTO
942
_c
BK
999
_c
151093
_d
151093